[Event "English Open Championship 2024"]
[Site "Holiday Inn, 212 Abbey End, Kenilworth CV8 1ED, United Kingdom"]
[Date "2024.06.22"]
[Round "5.12"]
[White "Payne, Matthew J"]
[Black "Boswell, Jacob Connor"]
[Result "0-1"]
[TimeControl "G90 + 30secs/move"]
[WhiteFideId "417084"]
[BlackFideId "427110"]
[WhiteElo "2079"]
[BlackElo "2274"]

1. e4 {[%emt 00:04:38]} c5 {[%clk 01:26:16]} {[%emt 00:00:13]} 2. Nf3 {[%clk
01:31:01]} {[%emt 00:00:22]} d6 {[%clk 01:26:39]} {[%emt 00:00:07]} 3. d4
{[%clk 01:30:54]} {[%emt 00:00:37]} cxd4 {[%clk 01:27:02]} {[%emt 00:00:07]} 4.
Nxd4 {[%clk 01:31:16]} {[%emt 00:00:07]} Nf6 {[%clk 01:27:22]} {[%emt
00:00:10]} 5. Nc3 {[%clk 01:31:40]} {[%emt 00:00:07]} Nc6 {[%clk 01:27:44]}
{[%emt 00:00:07]} 6. Bg5 {[%clk 01:31:35]} {[%emt 00:00:35]} e6 {[%clk
01:27:54]} {[%emt 00:00:21]} 7. Qd2 {[%clk 01:31:26]} {[%emt 00:00:38]} a6
{[%clk 01:27:28]} {[%emt 00:00:56]} 8. O-O-O {[%clk 01:31:24]} {[%emt
00:00:33]} Be7 {[%clk 01:26:06]} {[%emt 00:01:52]} 9. Bxf6 {[%clk 01:31:17]}
{[%emt 00:00:37]} gxf6 {[%clk 01:24:17]} {[%emt 00:02:19]} 10. f4 {[%clk
01:31:32]} {[%emt 00:00:14]} Qb6 {[%clk 01:13:38]} {[%emt 00:11:08]} 11. Nf3
{[%clk 01:15:49]} {[%emt 00:16:15]} Bd7 {[%clk 01:11:57]} {[%emt 00:02:11]} 12.
e5 {[%clk 00:55:09]} {[%emt 00:21:10]} d5 {[%clk 01:03:02]} {[%emt 00:09:24]}
13. Re1 {[%clk 00:55:20]} {[%emt 00:00:19]} f5 {[%clk 00:59:31]} {[%emt
00:04:01]} 14. Na4 {[%clk 00:45:01]} {[%emt 00:10:49]} Qa7 {[%clk 00:56:42]}
{[%emt 00:03:18]} 15. Nc3 {[%clk 00:39:25]} {[%emt 00:06:08]} O-O-O {[%clk
00:47:29]} {[%emt 00:09:42]} 16. a3 {[%clk 00:35:29]} {[%emt 00:04:26]} Kb8
{[%clk 00:42:27]} {[%emt 00:05:32]} 17. Bd3 {[%clk 00:34:03]} {[%emt 00:01:56]}
Nd4 {[%clk 00:38:48]} {[%emt 00:04:08]} 18. Nxd4 {[%clk 00:23:35]} {[%emt
00:10:59]} Qxd4 {[%clk 00:39:15]} {[%emt 00:00:03]} 19. Nd1 {[%clk 00:24:04]}
{[%emt 00:00:01]} Rc8 {[%clk 00:35:35]} {[%emt 00:04:10]} 20. Kb1 {[%clk
00:22:11]} {[%emt 00:02:22]} Bc5 {[%clk 00:27:38]} {[%emt 00:08:28]} 21. b4
{[%clk 00:19:20]} {[%emt 00:03:21]} Ba7 {[%clk 00:26:04]} {[%emt 00:02:03]} 22.
c3 {[%clk 00:19:30]} {[%emt 00:00:20]} Qb6 {[%clk 00:26:10]} {[%emt 00:00:25]}
23. Nb2 {[%clk 00:17:19]} {[%emt 00:02:40]} Bb5 {[%clk 00:21:06]} {[%emt
00:05:35]} 24. Rhf1 {[%clk 00:14:28]} {[%emt 00:03:21]} Rc6 {[%clk 00:19:19]}
{[%emt 00:02:17]} 25. Rc1 {[%clk 00:13:03]} {[%emt 00:01:54]} Qe3 {[%clk
00:14:02]} {[%emt 00:05:48]} 26. Qxe3 {[%clk 00:09:52]} {[%emt 00:03:42]} Bxe3
{[%clk 00:14:29]} {[%emt 00:00:02]} 27. Rc2 {[%clk 00:10:13]} {[%emt 00:00:08]}
Bxd3 {[%clk 00:13:08]} {[%emt 00:01:52]} 28. Nxd3 {[%clk 00:10:38]} {[%emt
00:00:05]} Rhc8 {[%clk 00:13:22]} {[%emt 00:00:16]} 29. Kb2 {[%clk 00:07:45]}
{[%emt 00:03:23]} d4 {[%clk 00:10:54]} {[%emt 00:02:57]} 30. Rf3 {[%clk
00:07:46]} {[%emt 00:00:29]} dxc3+ {[%clk 00:08:47]} {[%emt 00:02:38]} 31. Kb3
{[%clk 00:07:57]} {[%emt 00:00:18]} Bd2 {[%clk 00:08:56]} {[%emt 00:00:21]} 32.
Nc1 {[%clk 00:05:24]} {[%emt 00:03:04]} Rc4 {[%clk 00:07:20]} {[%emt 00:02:05]}
33. Ne2 {[%clk 00:05:18]} {[%emt 00:00:36]} h5 {[%clk 00:03:54]} {[%emt
00:03:57]} 34. Rh3 {[%clk 00:03:28]} {[%emt 00:02:19]} Re4 {[%clk 00:02:45]}
{[%emt 00:01:39]} 35. Nxc3 {[%clk 00:03:11]} {[%emt 00:00:47]} Re3 {[%clk
00:03:04]} {[%emt 00:00:12]} 36. Rxe3 {[%clk 00:02:13]} {[%emt 00:01:28]} Bxe3
{[%clk 00:03:32]} {[%emt 00:00:02]} 37. Ne2 {[%clk 00:01:40]} {[%emt 00:01:03]}
b5 {[%clk 00:02:46]} {[%emt 00:01:15]} 38. Rc3 {[%clk 00:01:32]} {[%emt
00:00:38]} Rxc3+ {[%clk 00:02:47]} {[%emt 00:00:29]} 39. Kxc3 {[%clk 00:02:02]}
Kc7 {[%clk 00:02:51]} {[%emt 00:00:25]} 40. Kd3 {[%clk 00:02:22]} {[%emt
00:00:10]} Bf2 {[%clk 00:03:01]} {[%emt 00:00:20]} 41. Nd4 {[%clk 00:02:30]}
{[%emt 00:00:23]} Kd7 {[%clk 00:02:08]} {[%emt 00:01:23]} 42. Nf3 {[%clk
00:02:17]} {[%emt 00:00:43]} Bb6 {[%clk 00:02:00]} {[%emt 00:00:38]} 43. h3
{[%clk 00:01:56]} {[%emt 00:00:51]} Bf2 {[%clk 00:01:06]} {[%emt 00:01:24]} 44.
Ke2 {[%clk 00:01:55]} {[%emt 00:00:31]} Bg3 {[%clk 00:00:55]} {[%emt 00:00:41]}
45. Ke3 {[%clk 00:02:24]} {[%emt 00:00:01]} Ke8 {[%clk 00:00:50]} {[%emt
00:00:35]} 46. Nd4 {[%clk 00:02:11]} {[%emt 00:00:42]} Be1 {[%clk 00:00:48]}
{[%emt 00:00:33]} 47. Nb3 {[%clk 00:02:01]} {[%emt 00:00:40]} Bc3 {[%clk
00:00:56]} {[%emt 00:00:22]} 48. Nc5 {[%clk 00:02:24]} {[%emt 00:00:07]} a5
{[%clk 00:00:57]} {[%emt 00:00:30]} 49. bxa5 {[%clk 00:01:34]} {[%emt
00:01:19]} Bxa5 {[%clk 00:01:25]} {[%emt 00:00:01]} 50. Nd3 {[%clk 00:01:39]}
{[%emt 00:00:25]} Bc3 {[%clk 00:00:55]} {[%emt 00:01:00]} 51. Kf3 {[%clk
00:01:48]} {[%emt 00:00:20]} Kd7 {[%clk 00:00:57]} {[%emt 00:00:28]} 52. g4
{[%clk 00:01:48]} {[%emt 00:00:31]} fxg4+ {[%clk 00:00:56]} {[%emt 00:00:31]}
53. hxg4 {[%clk 00:02:14]} {[%emt 00:00:04]} hxg4+ {[%clk 00:00:54]} {[%emt
00:00:32]} 54. Kxg4 {[%clk 00:02:43]} {[%emt 00:00:02]} Ba5 {[%clk 00:00:42]}
{[%emt 00:00:41]} 55. Kf3 {[%clk 00:02:50]} {[%emt 00:00:22]} Kc6 {[%clk
00:00:59]} {[%emt 00:00:14]} 56. Ke4 {[%clk 00:03:16]} {[%emt 00:00:03]} Bc3
{[%clk 00:01:04]} {[%emt 00:00:25]} 57. f5 {[%clk 00:03:29]} {[%emt 00:00:17]}
exf5+ {[%clk 00:00:54]} {[%emt 00:00:41]} 58. Kxf5 {[%clk 00:03:57]} {[%emt
00:00:01]} Kd5 {[%clk 00:00:55]} {[%emt 00:00:29]} 59. Nb4+ {[%clk 00:03:08]}
{[%emt 00:01:20]} Bxb4 {[%clk 00:00:40]} {[%emt 00:00:45]} 60. axb4 {[%clk
00:03:33]} {[%emt 00:00:04]} Kc4 {[%clk 00:00:45]} {[%emt 00:00:26]} 61. Kf6
{[%clk 00:04:00]} {[%emt 00:00:03]} Kd4 {[%clk 00:00:56]} {[%emt 00:00:18]} 62.
Kf5 {[%clk 00:04:23]} {[%emt 00:00:07]} Ke3 {[%clk 00:01:13]} {[%emt 00:00:13]}
63. Kg5 {[%clk 00:01:17]} {[%emt 00:03:37]} Ke4 {[%clk 00:01:14]} {[%emt
00:00:29]} 64. Kf6 {[%clk 00:01:42]} {[%emt 00:00:05]} Kf4 {[%clk 00:01:28]}
{[%emt 00:00:16]} 0-1

[Event "English Open Championship 2024"]
[Site "Holiday Inn, 212 Abbey End, Kenilworth CV8 1ED, United Kingdom"]
[Date "2024.06.22"]
[Round "5.13"]
[White "Bowcott-Terry, Finlay"]
[Black "Nicholas, Koichi B"]
[Result "1-0"]
[TimeControl "G90 + 30secs/move"]
[WhiteFideId "449199"]
[BlackFideId "409820"]
[WhiteElo "2132"]
[BlackElo "2130"]

1. e4 {[%clk 01:30:58]} {[%emt 00:00:01]} e5 {[%clk 01:23:18]} {[%emt
00:07:43]} 2. Nf3 {[%clk 01:31:17]} {[%emt 00:00:11]} Nc6 {[%clk 01:23:42]}
{[%emt 00:00:06]} 3. Bc4 {[%clk 01:31:45]} {[%emt 00:00:03]} Nf6 {[%clk
01:23:51]} {[%emt 00:00:20]} 4. O-O {[%clk 01:32:12]} {[%emt 00:00:02]} Nxe4
{[%clk 01:23:41]} {[%emt 00:00:32]} 5. Nc3 {[%clk 01:32:40]} {[%emt 00:00:11]}
Nxc3 {[%clk 01:23:36]} {[%emt 00:00:36]} 6. dxc3 {[%clk 01:33:06]} {[%emt
00:00:03]} f6 {[%clk 01:23:32]} {[%emt 00:00:33]} 7. b4 {[%clk 01:33:33]}
{[%emt 00:00:03]} Qe7 {[%clk 01:15:39]} {[%emt 00:08:23]} 8. a4 {[%clk
01:31:20]} {[%emt 00:02:44]} d6 {[%clk 01:14:44]} {[%emt 00:01:24]} 9. a5
{[%clk 01:30:57]} {[%emt 00:00:54]} Be6 {[%clk 01:13:28]} {[%emt 00:01:45]} 10.
Bd5 {[%clk 01:25:28]} {[%emt 00:05:59]} Bxd5 {[%clk 01:11:00]} {[%emt
00:02:58]} 11. Qxd5 {[%clk 01:25:40]} {[%emt 00:00:18]} Nd8 {[%clk 01:10:38]}
{[%emt 00:00:51]} 12. a6 {[%clk 01:25:20]} {[%emt 00:00:52]} c6 {[%clk
01:09:37]} {[%emt 00:01:31]} 13. axb7 {[%clk 01:25:44]} {[%emt 00:00:06]} Qxb7
{[%clk 01:09:34]} {[%emt 00:00:32]} 14. Qa2 {[%clk 01:25:58]} {[%emt 00:00:17]}
Be7 {[%clk 01:02:51]} {[%emt 00:07:13]} 15. Nh4 {[%clk 01:24:38]} {[%emt
00:01:50]} Qd7 {[%clk 01:02:40]} {[%emt 00:00:40]} 16. f4 {[%clk 01:24:04]}
{[%emt 00:01:05]} f5 {[%clk 00:55:03]} {[%emt 00:08:06]} 17. Nf3 {[%clk
01:22:23]} {[%emt 00:02:11]} e4 {[%clk 00:53:39]} {[%emt 00:01:54]} 18. Nd4
{[%clk 01:22:51]} {[%emt 00:00:03]} d5 {[%clk 00:53:25]} {[%emt 00:00:43]} 19.
Be3 {[%clk 01:22:40]} {[%emt 00:00:41]} O-O {[%clk 00:52:06]} {[%emt 00:01:49]}
20. Qa6 {[%clk 01:22:50]} {[%emt 00:00:20]} Qc7 {[%clk 00:23:35]} {[%emt
00:29:01]} 21. b5 {[%clk 00:58:50]} {[%emt 00:24:31]} Bc5 {[%clk 00:18:52]}
{[%emt 00:05:12]} 22. Nxf5 {[%clk 00:58:28]} {[%emt 00:00:52]} Bxe3+ {[%clk
00:17:11]} {[%emt 00:02:11]} 23. Nxe3 {[%clk 00:58:55]} {[%emt 00:00:03]} Rxf4
{[%clk 00:16:06]} {[%emt 00:01:34]} 24. b6 {[%clk 00:59:01]} {[%emt 00:00:25]}
Rxf1+ {[%clk 00:15:34]} {[%emt 00:01:01]} 25. Nxf1 {[%clk 00:59:21]} {[%emt
00:00:11]} Qb7 {[%clk 00:14:16]} {[%emt 00:01:47]} 26. Qa5 {[%clk 00:43:07]}
{[%emt 00:16:44]} a6 {[%clk 00:12:46]} {[%emt 00:01:59]} 27. c4 {[%clk
00:43:23]} {[%emt 00:00:14]} Rb8 {[%clk 00:06:48]} {[%emt 00:06:27]} 28. Rb1
{[%clk 00:40:13]} {[%emt 00:03:41]} Ne6 {[%clk 00:05:36]} {[%emt 00:01:42]} 29.
Ne3 {[%clk 00:26:44]} {[%emt 00:14:00]} d4 {[%clk 00:05:15]} {[%emt 00:00:50]}
30. Nf5 {[%clk 00:22:08]} {[%emt 00:05:06]} c5 {[%clk 00:05:21]} {[%emt
00:00:24]} 31. Qe1 {[%clk 00:22:17]} {[%emt 00:00:21]} e3 {[%clk 00:01:39]}
{[%emt 00:04:12]} 32. Qg3 {[%clk 00:22:29]} {[%emt 00:00:18]} Rf8 {[%clk
00:01:17]} {[%emt 00:00:50]} 33. Qe5 {[%clk 00:22:48]} {[%emt 00:00:13]} Rf6
{[%clk 00:01:14]} {[%emt 00:00:33]} 34. Ne7+ {[%clk 00:22:14]} {[%emt
00:01:05]} Kf7 {[%clk 00:01:00]} {[%emt 00:00:43]} 35. Nd5 {[%clk 00:22:09]}
{[%emt 00:00:34]} Rf2 {[%clk 00:00:47]} {[%emt 00:00:44]} 36. Rf1 {[%clk
00:22:13]} {[%emt 00:00:26]} Rxf1+ {[%clk 00:01:05]} {[%emt 00:00:13]} 37. Kxf1
{[%clk 00:22:41]} {[%emt 00:00:01]} Qc6 {[%clk 00:00:33]} {[%emt 00:01:02]} 38.
b7 {[%clk 00:22:08]} {[%emt 00:01:03]} Qxb7 {[%clk 00:00:45]} {[%emt 00:00:18]}
39. Qf5+ {[%clk 00:22:37]} {[%emt 00:00:01]} Kg8 {[%clk 00:00:45]} {[%emt
00:00:31]} 40. Qxe6+ {[%clk 00:23:04]} {[%emt 00:00:03]} Qf7+ {[%clk 00:01:06]}
{[%emt 00:00:08]} 41. Nf4 {[%clk 00:23:09]} {[%emt 00:00:25]} g5 {[%clk
00:00:33]} {[%emt 00:01:04]} 42. Qxf7+ {[%clk 00:23:36]} {[%emt 00:00:03]} Kxf7
{[%clk 00:00:59]} {[%emt 00:00:03]} 43. Nd3 {[%clk 00:24:03]} {[%emt 00:00:04]}
a5 {[%clk 00:00:32]} {[%emt 00:00:56]} 44. Nxc5 {[%clk 00:24:30]} {[%emt
00:00:02]} Ke7 {[%clk 00:00:43]} {[%emt 00:00:20]} 45. Ke2 {[%clk 00:24:42]}
{[%emt 00:00:45]} 1-0

[Event "English Open Championship 2024"]
[Site "Holiday Inn, 212 Abbey End, Kenilworth CV8 1ED, United Kingdom"]
[Date "2024.06.22"]
[Round "5.14"]
[White "Badacsonyi, Frankie"]
[Black "Fellowes, Billy"]
[Result "1-0"]
[TimeControl "G90 + 30secs/move"]
[WhiteFideId "460400"]
[BlackFideId "483540"]
[WhiteElo "2204"]
[BlackElo "2019"]

1. d4 {[%clk 01:30:58]} {[%emt 00:00:02]} Nf6 {[%clk 01:30:53]} {[%emt
00:00:08]} 2. c4 {[%clk 01:31:17]} {[%emt 00:00:11]} g6 {[%clk 01:31:18]}
{[%emt 00:00:05]} 3. Nc3 {[%clk 01:31:26]} {[%emt 00:00:19]} Bg7 {[%clk
01:31:44]} {[%emt 00:00:04]} 4. e4 {[%clk 01:31:50]} {[%emt 00:00:06]} d6
{[%clk 01:32:11]} {[%emt 00:00:04]} 5. Nge2 {[%clk 01:30:59]} {[%emt 00:01:21]}
O-O {[%clk 01:32:28]} {[%emt 00:00:13]} 6. Ng3 {[%clk 01:31:24]} {[%emt
00:00:05]} Nbd7 {[%clk 01:26:30]} {[%emt 00:06:28]} 7. Be2 {[%clk 01:31:08]}
{[%emt 00:00:47]} e5 {[%clk 01:25:27]} {[%emt 00:01:32]} 8. d5 {[%clk
01:30:31]} {[%emt 00:01:07]} a5 {[%clk 01:24:03]} {[%emt 00:01:54]} 9. h4
{[%clk 01:30:16]} {[%emt 00:00:46]} Nc5 {[%clk 01:18:29]} {[%emt 00:06:04]} 10.
h5 {[%clk 01:17:01]} {[%emt 00:13:44]} c6 {[%clk 01:04:20]} {[%emt 00:14:39]}
11. Be3 {[%clk 01:12:18]} {[%emt 00:05:11]} Qe7 {[%clk 00:53:15]} {[%emt
00:11:37]} 12. f3 {[%clk 01:05:31]} {[%emt 00:07:17]} Bd7 {[%clk 00:47:58]}
{[%emt 00:05:48]} 13. Qd2 {[%clk 01:02:35]} {[%emt 00:03:26]} Rfb8 {[%clk
00:45:40]} {[%emt 00:02:48]} 14. Rd1 {[%clk 01:00:48]} {[%emt 00:02:16]} cxd5
{[%clk 00:43:16]} {[%emt 00:02:54]} 15. Nxd5 {[%clk 01:00:40]} {[%emt
00:00:39]} Nxd5 {[%clk 00:43:20]} {[%emt 00:00:24]} 16. Qxd5 {[%clk 01:00:24]}
{[%emt 00:00:47]} Bc6 {[%clk 00:42:34]} {[%emt 00:01:16]} 17. Qxd6 {[%clk
00:59:49]} {[%emt 00:01:05]} Qxd6 {[%clk 00:43:00]} {[%emt 00:00:04]} 18. Rxd6
{[%clk 01:00:16]} {[%emt 00:00:03]} Ne6 {[%clk 00:43:26]} {[%emt 00:00:05]} 19.
Rd2 {[%clk 00:54:36]} {[%emt 00:06:09]} Bf8 {[%clk 00:40:02]} {[%emt 00:03:53]}
20. Kf2 {[%clk 00:53:49]} {[%emt 00:01:18]} Bb4 {[%clk 00:33:59]} {[%emt
00:06:33]} 21. Rdd1 {[%clk 00:53:32]} {[%emt 00:00:47]} Ba4 {[%clk 00:32:27]}
{[%emt 00:02:02]} 22. Rd5 {[%clk 00:51:40]} {[%emt 00:02:21]} Bc6 {[%clk
00:32:47]} {[%emt 00:00:11]} 23. Rdd1 {[%clk 00:51:17]} {[%emt 00:00:53]} Ba4
{[%clk 00:33:10]} {[%emt 00:00:08]} 24. Rc1 {[%clk 00:50:50]} {[%emt 00:00:56]}
Rd8 {[%clk 00:28:03]} {[%emt 00:05:37]} 25. hxg6 {[%clk 00:48:30]} {[%emt
00:02:51]} hxg6 {[%clk 00:28:10]} {[%emt 00:00:22]} 26. Nf1 {[%clk 00:40:11]}
{[%emt 00:08:49]} Rd7 {[%clk 00:21:16]} {[%emt 00:07:24]} 27. g3 {[%clk
00:35:36]} {[%emt 00:05:04]} Rc8 {[%clk 00:09:51]} {[%emt 00:11:56]} 28. b3
{[%clk 00:28:18]} {[%emt 00:07:48]} Bc6 {[%clk 00:10:09]} {[%emt 00:00:12]} 29.
Bb6 {[%clk 00:26:59]} {[%emt 00:01:49]} Bc5+ {[%clk 00:06:36]} {[%emt
00:04:03]} 30. Bxc5 {[%clk 00:27:16]} {[%emt 00:00:13]} Nxc5 {[%clk 00:07:04]}
{[%emt 00:00:02]} 31. Rc2 {[%clk 00:26:02]} {[%emt 00:01:44]} Nxe4+ {[%clk
00:06:40]} {[%emt 00:00:54]} 32. Ke1 {[%clk 00:20:07]} {[%emt 00:06:25]} Nc5
{[%clk 00:06:03]} {[%emt 00:01:07]} 33. Ne3 {[%clk 00:18:24]} {[%emt 00:02:12]}
Ne6 {[%clk 00:05:25]} {[%emt 00:01:09]} 34. Ng4 {[%clk 00:18:07]} {[%emt
00:00:47]} Re7 {[%clk 00:04:58]} {[%emt 00:00:57]} 35. Bd1 {[%clk 00:10:44]}
{[%emt 00:07:53]} Nd4 {[%clk 00:04:46]} {[%emt 00:00:42]} 36. Rch2 {[%clk
00:11:01]} {[%emt 00:00:12]} f5 {[%clk 00:02:44]} {[%emt 00:02:32]} 37. Rh8+
{[%clk 00:10:45]} {[%emt 00:00:47]} Kf7 {[%clk 00:03:10]} {[%emt 00:00:04]} 38.
R1h7+ {[%clk 00:10:47]} {[%emt 00:00:27]} Ke6 {[%clk 00:03:35]} {[%emt
00:00:06]} 39. Rxe7+ {[%clk 00:11:16]} {[%emt 00:00:01]} Kxe7 40. Rxc8 fxg4
{[%clk 00:04:11]} {[%emt 00:00:17]} 41. fxg4 {[%clk 00:12:09]} {[%emt
00:00:04]} e4 {[%clk 00:02:43]} {[%emt 00:01:58]} 42. Ra8 {[%clk 00:12:24]}
{[%emt 00:00:15]} a4 {[%clk 00:02:34]} {[%emt 00:00:39]} 43. b4 {[%clk
00:12:38]} {[%emt 00:00:16]} b5 {[%clk 00:01:38]} {[%emt 00:01:27]} 44. Ra7+
{[%clk 00:13:03]} {[%emt 00:00:05]} Ke6 {[%clk 00:00:58]} {[%emt 00:01:09]} 45.
cxb5 {[%clk 00:13:20]} {[%emt 00:00:13]} Bxb5 {[%clk 00:01:15]} {[%emt
00:00:13]} 46. Bxa4 {[%clk 00:13:08]} {[%emt 00:00:43]} Bc4 {[%clk 00:01:37]}
{[%emt 00:00:08]} 47. Bb3 {[%clk 00:12:04]} {[%emt 00:01:35]} Bxb3 {[%clk
00:02:00]} {[%emt 00:00:08]} 48. axb3 {[%clk 00:12:30]} {[%emt 00:00:04]} e3
{[%clk 00:02:11]} {[%emt 00:00:18]} 49. Ra5 {[%clk 00:12:33]} {[%emt 00:00:27]}
Kd6 {[%clk 00:02:10]} {[%emt 00:00:31]} 50. Rc5 {[%clk 00:12:40]} {[%emt
00:00:22]} Nxb3 {[%clk 00:01:54]} {[%emt 00:00:47]} 51. Rc3 {[%clk 00:13:03]}
{[%emt 00:00:07]} Nd4 {[%clk 00:01:26]} {[%emt 00:00:58]} 52. Rxe3 {[%clk
00:13:20]} {[%emt 00:00:13]} Nc2+ {[%clk 00:01:51]} {[%emt 00:00:05]} 53. Kd2
{[%clk 00:13:48]} {[%emt 00:00:03]} Nxb4 {[%clk 00:02:17]} {[%emt 00:00:03]} 54.
Rb3 {[%clk 00:13:26]} {[%emt 00:00:51]} Nd5 {[%clk 00:02:29]} {[%emt 00:00:18]}
55. Kd3 {[%clk 00:13:12]} {[%emt 00:00:45]} Ke5 {[%clk 00:02:34]} {[%emt
00:00:24]} 56. Rb5 {[%clk 00:13:29]} {[%emt 00:00:14]} Ke6 {[%clk 00:02:52]}
{[%emt 00:00:12]} 57. Kd4 {[%clk 00:13:48]} {[%emt 00:00:11]} Ne7 {[%clk
00:02:46]} {[%emt 00:00:37]} 58. Rb6+ {[%clk 00:14:09]} {[%emt 00:00:09]} Kf7
{[%clk 00:03:06]} {[%emt 00:00:09]} 59. Ke5 {[%clk 00:14:21]} {[%emt 00:00:18]}
Kf8 {[%clk 00:03:21]} {[%emt 00:00:16]} 60. Ke6 {[%clk 00:14:38]} {[%emt
00:00:12]} Ng8 {[%clk 00:03:29]} {[%emt 00:00:21]} 61. g5 {[%clk 00:14:35]}
{[%emt 00:00:34]} Kg7 {[%clk 00:03:53]} {[%emt 00:00:06]} 62. Rb7+ {[%clk
00:14:59]} {[%emt 00:00:06]} Kh8 {[%clk 00:04:17]} {[%emt 00:00:06]} 63. Ra7
{[%clk 00:14:58]} {[%emt 00:00:30]} Nh6 {[%clk 00:04:01]} {[%emt 00:00:47]} 64.
gxh6 {[%clk 00:15:21]} {[%emt 00:00:07]} g5 {[%clk 00:04:28]} {[%emt 00:00:02]}
65. Kf6 {[%clk 00:15:42]} {[%emt 00:00:09]} g4 {[%clk 00:04:48]} {[%emt
00:00:10]} 66. Kg6 {[%clk 00:16:06]} {[%emt 00:00:07]} Kg8 {[%clk 00:05:15]}
{[%emt 00:00:02]} 67. Ra8# {[%clk 00:15:58]} {[%emt 00:00:05]} 1-0